00471nam a2200157Ia 450000500170000000800460001703700120006304000210007504100130009608400220010910000240013124500400015526000570019530000140025249000470026620250508151917.0008 250505s9999 xx 000 0 eng d aTextual aFEDL bengcFEDL aeng2eng a378.73, DUNqFEDL aDunkel Harold Baker 0aGeneral education in the humanities aWashington, USAbAmerican Council on Educationc1947 axix,321p. aThe cooperative study in general education